00722nam a2200217Ia 4500003000900000008004100009020001800050040001600068080002500084245009700109260003500206300001400241650002000255650002700275650002100302700003100323700002000354942000700374999001500381952010800396IN-BaIIA211028s9999 xx 000 0 eng d a0-12-014538-3 cIIA Library a047.1:621.38bAEE-38 0aAdvances in electronics and electron physicsbvol. 38cedited by L. Marton and Claire Marton aNew YorkbAcademic Pressc1975 axi, 281p. a Electronics  a Electrophysics98294 aNASA Thesaurus  aMarton, Claire., ed.94818 aMarton, L., ed. cBK c4833d4833 00104070aBANbKAVcGENd1976-03-30l0o047.1:621.38/ AEE-38p5408r2021-11-05w1976-03-30yBK 29.50